Wound trauma increases radiation-induced mortality by activation of iNOS pathway and elevation of cytokine concentrations and bacterial infection /
Na minha lista:
| Outros Autores: | , , , , , , |
|---|---|
| Formato: | Atigo |
| Idioma: | English |
| Assuntos: | |
| Tags: |
Adicionar Tag
Sem tags, seja o primeiro a adicionar uma tag!
|
| Thư viện lưu trữ: | Thư viện Trường Đại học Đà Lạt |
|---|
| LEADER | 01092nam a2200349 4500 | ||
|---|---|---|---|
| 001 | DLU110117871 | ||
| 005 | ##20101221 | ||
| 040 | # | # | |a DLU |b eng |
| 041 | # | # | |a eng |
| 044 | # | # | |a us |
| 245 | # | # | |a Wound trauma increases radiation-induced mortality by activation of iNOS pathway and elevation of cytokine concentrations and bacterial infection / |c Juliann G. Kiang ... [et al.]. |
| 653 | # | # | |a Bacterial infection |
| 653 | # | # | |a Cytokine concentration |
| 653 | # | # | |a Mortality |
| 653 | # | # | |a Trauma |
| 700 | # | # | |a Cary, Lynnette H. |
| 700 | # | # | |a Elliott, Thomas B. |
| 700 | # | # | |a Jiao, Wan. |
| 700 | # | # | |a Kiang, Juliann G. |
| 700 | # | # | |a Ledney, G. David |
| 700 | # | # | |a Mog, Steven R. |
| 700 | # | # | |a Pellmar, Terry C. |
| 773 | # | # | |t Radiation Research |g Vol. 173, no. 3 (March 2010), p. 319-332 |
| 920 | # | # | |a Phòng Tạp chí -- Trung tâm Thông tin - Thư viện Trường Đại học Đà Lạt |
| 994 | # | # | |a DLU |
| 900 | # | # | |a True |
| 911 | # | # | |a Trương Bảo Trâm Anh |
| 925 | # | # | |a G |
| 926 | # | # | |a A |
| 927 | # | # | |a BB |
| 980 | # | # | |a Thư viện Trường Đại học Đà Lạt |